Olivia Rodrigo - Quiz Ultime - Statistiques

Statistiques générales
  • Ce quiz a été pris 51 fois
    46 depuis la dernière actualisation
  • Le résultat moyen est 23 sur 30
Statistiques - réponses
Hint Réponse % Correct
Albums 1er album SOUR
100%
Filmographie Chaîne sur laquelle cette série était diffusée Disney Channel
97%
Albums 2e album GUTS
97%
Divers Instrument qu'elle sait jouer Piano et guitar
97%
Divers Couleur qui lui ait associé Violet
97%
Divers Année où elle a reçu le Grammy Awards de la révélation de l'année 2022
94%
Information de base Pays de naissance États-Unis
94%
Proches Petit ami depuis 2023 Louis Partridge
94%
Proches Meilleure amie rencontré lors de du tournage de Frankie et Paige (Bizaardvark) Madison Hu
94%
Information de base Signe astrologique Poisson
94%
Albums 3e album you seem pretty sad for a girl so in love
94%
Filmographie Chanson qu'elle a écrit pour cette série All I Want
91%
Divers Lead single de son 2e album Vampire
91%
Divers Chanson qui l'a fait connaître sur internet drivers license
89%
Filmographie Série dans laquelle elle jout Nini High School Musical : La Comédie musicale, la série
89%
Filmographie Film pour lequel elle a écrit une chanson en 2023 Hunger Games : La Ballade du serpent et de l'oiseau chanteur
89%
Information de base Surnom Liv
86%
Proches Chanteuse avec qui elle s'est dispué par chansons interposés à cause de cet ex Sabrina Carpenter
86%
Filmographie Chanson qu'elle a écrit pour ce film Can't Catch Me Now
83%
Proches Ex qu'elle a rencontré sur le tournage de sa série la plus conue Joshua Bassett
80%
Proches Idole de son enfance qui l'a poursuivi en justice pour des droits d'auteurs Taylor Swift
77%
Proches Amie chanteuse canadienne très forte en danse Tate McRae
71%
Information de base Date de naissance 20 février 2003
54%
Information de base Pays d'origine Philippines
54%
Proches Producteur et co-auteur avec qui elle travaille depuis ses débuts Dan Nigro
51%
Information de base Nom complet Olivia Isabel Rodrigo
40%
Proches Amie chanteuse prénommée Kayleigh qui a ouvert ses tournées Chappell Roan
37%
Proches Père Chris
23%
Proches Mère Jennifer
20%
Information de base Label Geffen Records
17%
Aucun quiz correspondant
Distribution des résultats
% des personnes avec chaque résultat
Percentile par nombre de réponses
Votre historique - résultats
Vous n’avez pas pris ce quiz depuis la dernière actualisation